Leaders & the Leadership Process : (Record no. 15028)
[ view plain ]
| 000 -LEADER | |
|---|---|
| fixed length control field | 03416cam a22004458a 4500 |
| 001 - CONTROL NUMBER | |
| control field | 16323992 |
| 005 - DATE AND TIME OF LATEST TRANSACTION | |
| control field | 20110308113929.0 |
| 008 - FIXED-LENGTH DATA ELEMENTS--GENERAL INFORMATION | |
| fixed length control field | 100709s2011 nyu | b 001 0deng d |
| 010 ## - LIBRARY OF CONGRESS CONTROL NUMBER | |
| LC control number | 2010028836 |
| 020 ## - INTERNATIONAL STANDARD BOOK NUMBER | |
| International Standard Book Number | 9780071289528 |
| 040 ## - CATALOGING SOURCE | |
| Original cataloging agency | DLC |
| Transcribing agency | DLC |
| 050 00 - LIBRARY OF CONGRESS CALL NUMBER | |
| Classification number | HM1261 |
| Item number | .L413 2010 |
| 082 00 - DEWEY DECIMAL CLASSIFICATION NUMBER | |
| Classification number | 303.34 |
| Edition number | 22 |
| Item number | LEA |
| 245 00 - TITLE STATEMENT | |
| Title | Leaders & the Leadership Process : |
| Remainder of title | Readings, Self-Assessments & Applications / |
| Statement of responsibility, etc | [edited by] Jon L. Pierce, John W. Newstrom. |
| 246 3# - VARYING FORM OF TITLE | |
| Title proper/short title | Leaders and the leadership process |
| 250 ## - EDITION STATEMENT | |
| Edition statement | 6th ed. |
| Remainder of edition statement | McGraw- Hill International Edition. |
| 260 ## - PUBLICATION, DISTRIBUTION, ETC. (IMPRINT) | |
| Place of publication, distribution, etc | New York, NY : |
| Name of publisher, distributor, etc | McGraw-Hill, |
| Date of publication, distribution, etc | c2011. |
| 300 ## - PHYSICAL DESCRIPTION | |
| Extent | xlvi, 495p. : |
| Other physical details | ill.; |
| Dimensions | 24 cm. |
| 504 ## - BIBLIOGRAPHY, ETC. NOTE | |
| Bibliography, etc | Includes bibliographical references and index. |
| 541 ## - IMMEDIATE SOURCE OF ACQUISITION NOTE | |
| Source of acquisition | Bacca ; |
| 650 #0 - SUBJECT ADDED ENTRY--TOPICAL TERM | |
| Topical term or geographic name as entry element | Leadership. |
| 9 (RLIN) | 22634 |
| 650 #0 - SUBJECT ADDED ENTRY--TOPICAL TERM | |
| Topical term or geographic name as entry element | Leadership |
| Form subdivision | Case studies. |
| 9 (RLIN) | 22635 |
| 650 #0 - SUBJECT ADDED ENTRY--TOPICAL TERM | |
| Topical term or geographic name as entry element | Leadership |
| Form subdivision | Problems, exercises, etc. |
| 9 (RLIN) | 22636 |
| 700 1# - ADDED ENTRY--PERSONAL NAME | |
| Personal name | Pierce, Jon L. |
| Fuller form of name | (Jon Lepley) |
| Relator term | Editor |
| 9 (RLIN) | 22637 |
| 700 1# - ADDED ENTRY--PERSONAL NAME | |
| Personal name | Newstrom, John W. |
| Relator term | Editor |
| 9 (RLIN) | 22638 |
| 942 ## - ADDED ENTRY ELEMENTS (KOHA) | |
| Source of classification or shelving scheme | Dewey Decimal Classification |
| Item type | Book - Borrowing |
| Withdrawn status | Item status | Source of classification or shelving scheme | Damaged status | Not for loan | Vendor | Home library | Current library | Shelving location | Date acquired | Source of acquisition | Cost, normal purchase price | Total Checkouts | Total Renewals | Full call number | Barcode | Date last seen | Date last borrowed | Cost, replacement price | Koha item type | Materials specified (bound volume or other part) |
|---|---|---|---|---|---|---|---|---|---|---|---|---|---|---|---|---|---|---|---|---|
| Lost and Paid For | Dewey Decimal Classification | Baccah | Central Library | Central Library | First floor | 20/03/2011 | 180.00 | 5 | 7 | 303.34 LEA | 000022908 | 31/05/2011 | 16/05/2011 | 225.00 | Book - Borrowing | |||||
| Dewey Decimal Classification | Baccah | Central Library | Central Library | First floor | 20/03/2011 | 180.00 | 9 | 303.34 LEA | 000022897 | 15/07/2025 | 14/02/2013 | 225.00 | NB - Book (Non borrowing) | |||||||
| Dewey Decimal Classification | Baccah | Central Library | Central Library | First floor | 20/03/2011 | 180.00 | 11 | 22 | 303.34 LEA | 000022898 | 15/07/2025 | 28/04/2018 | 225.00 | Book - Borrowing | ||||||
| Dewey Decimal Classification | Baccah | Central Library | Central Library | First floor | 20/03/2011 | 180.00 | 13 | 43 | 303.34 LEA | 000022907 | 15/07/2025 | 27/02/2017 | 225.00 | Book - Borrowing | ||||||
| Dewey Decimal Classification | Baccah | Central Library | Central Library | First floor | 20/03/2011 | 180.00 | 12 | 15 | 303.34 LEA | 000022906 | 15/07/2025 | 27/02/2017 | 225.00 | Book - Borrowing | ||||||
| Lost | Dewey Decimal Classification | Baccah | Central Library | Central Library | First floor | 03/05/2011 | 180.00 | 2 | 303.34 LEA | 000023472 | 15/06/2011 | 10/05/2011 | 225.00 | Book - Borrowing | Lost In Inventory_2015-8-23 | |||||
| Dewey Decimal Classification | Baccah | Central Library | Central Library | First floor | 03/05/2011 | 180.00 | 14 | 39 | 303.34 LEA | 000023473 | 15/07/2025 | 10/03/2018 | 225.00 | Book - Borrowing | ||||||
| Dewey Decimal Classification | Baccah | Central Library | Central Library | First floor | 03/05/2011 | 180.00 | 10 | 20 | 303.34 LEA | 000023474 | 15/07/2025 | 26/04/2018 | 225.00 | Book - Borrowing | ||||||
| Lost and Paid For | Dewey Decimal Classification | Baccah | Central Library | Central Library | First floor | 03/05/2011 | 180.00 | 10 | 62 | 303.34 LEA | 000023475 | 02/08/2016 | 02/08/2016 | 225.00 | Book - Borrowing | |||||
| Dewey Decimal Classification | Baccah | Central Library | Central Library | First floor | 08/05/2011 | 180.00 | 14 | 34 | 303.34 LEA | 000023479 | 15/07/2025 | 15/04/2018 | 225.00 | Book - Borrowing | ||||||
| Dewey Decimal Classification | Baccah | Central Library | Central Library | First floor | 08/05/2011 | 180.00 | 9 | 12 | 303.34 LEA | 000023480 | 15/07/2025 | 28/02/2017 | 225.00 | Book - Borrowing | ||||||
| Lost and Paid For | Dewey Decimal Classification | Baccah | Central Library | Central Library | First floor | 26/04/2012 | 180.00 | 3 | 7 | 303.34 LEA | 000026724 | 12/07/2012 | 12/07/2012 | 225.00 | Book - Borrowing |